000 01599nam2a22002411 4500
001 rc\4741219
005 20250612015325.0
021 _aRU
_bРг1607-67
035 _a(NLR Aleph) 008452802
090 _a7820025
_c7820026
100 _a20130416d1966 |||y0rusy50 ca
101 0 _arus
102 _aRU
105 _ay z |||||
200 1 _a...на секции кукурузы, сорго и проса
210 _d1966
_aБ. м.
215 _a80 с.
461 0 _1001rc\4741215
_12001#$aТезисы докладов...$fВсесоюз. акад. с.-х. наук им. В.И. Ленина. Отд-ние общей биологии и Отд-ние биохимии, биофизики и химии физиологически активных соединений АН СССР. Объедин. науч. сессия по проблемам гетерозиса. 22-26 ноября 1966 г.$v[5]
_97820001
_aОбъединенная научная сессия по проблемам гетерозиса (1966; Москва)
_cМосква
_d1966
_fВсесоюз. акад. с.-х. наук им. В.И. Ленина. Отд-ние общей биологии и Отд-ние биохимии, биофизики и химии физиологически активных соединений АН СССР. Объедин. науч. сессия по проблемам гетерозиса. 22-26 ноября 1966 г.
_nБ. и.
_tТезисы докладов...
_v[5]
801 0 _aRU
_bNLR
_gpsbo
801 1 _aRU
_bELAR
_2rusmarc
852 _aNLR
_j67-4/1392
942 _cBOOK
980 _aNB